| 000 | 01772nab a22002777a 4500 | ||
|---|---|---|---|
| 999 |
_c5706 _d5706 |
||
| 003 | OSt | ||
| 005 | 20251230232555.0 | ||
| 008 | 190605e xxu||||| |||| 00| 0 spa d | ||
| 040 | _cPJ | ||
| 100 |
_91443 _aConfalonieri, Juan Angel (h) |
||
| 245 | 1 | 3 |
_aLa proyección de los efectos derogatorios de las sanciones de acciones disvaliosas en el derecho privado. En particular, la aplicación en el tiempo de los artículos 99 y 100 de la ley 27.742 / _cJuan Ángel Confalonieri (h.) |
| 260 |
_aCiudad Autónoma de Buenos Aires : _bThomson Reuters La Ley, _c2024. |
||
| 300 | _ap. 13-25 | ||
| 500 | _aCita: TR LALEY AR/DOC/2109/2024 | ||
| 505 | _aSumario: I. Introducción.— II. Las reglas del art. 7° del Código Civil y Comercial.— III. Los requisitos para la procedencia de las "indemnizaciones" y de la presunción de temeridad y malicia del empleador en las normas derogadas.— IV. Los argumentos a favor de la aplicación retroactiva —no inmediata— de los arts. 99 y 100 de la ley 27.742.— V. Crítica a la aplicación retroactiva —no inmediata— de los arts. 99 y 100 de la ley 27.742.— VI. Una breve observación a "Correa Baier".— VII. Conclusiones (la casuística).— VIII. Bibliografía. | ||
| 505 | _t¿Te interesa el texto completo? Solicitalo al correo: koha@justierradelfuego.gov.ar | ||
| 650 | 0 |
_91316 _aDERECHO LABORAL |
|
| 650 | 0 |
_91323 _aCONTRATO DE TRABAJO |
|
| 650 | 0 |
_91803 _aRELACIONES LABORALES |
|
| 650 | 0 |
_91382 _aINDEMNIZACION |
|
| 650 | 0 |
_92488 _aMULTA |
|
| 650 | 0 |
_94428 _aRELACIÓN DE DEPENDENCIA |
|
| 650 | 0 |
_94429 _aEMPLEO NO REGISTRADO |
|
| 773 | 0 |
_02711 _93168 _dCiudad Autónoma de Buenos Aires : Thomson Reuters La Ley, 1999-2002. _tRevista de derecho del trabajo. Nº 5 - Septiembre 2024 |
|
| 942 |
_2udc _cANA |
||